[Event "Tom Weston Major op"]
[Site "Wales"]
[Date "2008.03.22"]
[Round "3"]
[White "Thomas, James M"]
[Black "Francis, Marcus"]
[Result "1-0"]
[WhiteElo "1747"]
[BlackElo "1474"]
[PlyCount "87"]
[EventDate "2008.03.21"]
[EventType "swiss"]
[EventRounds "7"]
[EventCountry "WLS"]
[SourceTitle "EXT 2010"]
[Source "ChessBase"]
[SourceDate "2010.11.25"]
[SourceVersion "1"]
[SourceVersionDate "2010.11.25"]
[SourceQuality "1"]

1. e4 c5 2. Nf3 a6 3. d4 cxd4 4. Nxd4 Nf6 5. Nc3 e5 6. Nf5 d5 7. Ng3 Bb4 8. exd5 Nxd5 9. Bd2 Nxc3 10. Bxc3 Bxc3+ 11. bxc3 0-0 12. Qxd8 Rxd8 13. Rd1 Rxd1+ 14. Kxd1 Be6 15. a3 Nd7 16. Bd3 Nc5 17. Ne4 Rc8 18. Nxc5 Rxc5 19. Kd2 f5 20. f3 g6 21. a4 Bd5 22. Re1 Bc6 23. Ra1 Kg7 24. a5 Kf6 25. c4 e4 26. fxe4 fxe4 27. Be2 Ke5 28. Kc3 Kf4 29. Kd4 Rh5 30. Bxh5 gxh5 31. Rf1+ Kg5 32. Ke3 Kg6 33. h4 Kg7 34. Rf4 Kg6 35. g3 Kg7 36. c5 Kg6 37. c4 Kg7 38. Rxe4 Bxe4 39. Kxe4 Kf7 40. Kd5 Ke7 41. c6 bxc6+ 42. Kxc6 Kd8 43. Kb7 Kd7 44. c5 1-0

[Event "Queens-ch"]
[Site "Jamaica"]
[Date "2006.10.06"]
[Round "1"]
[White "Francis, Marcus"]
[Black "Murphy, Thomas D"]
[Result "0-1"]
[WhiteElo "1229"]
[BlackElo "1700"]
[PlyCount "90"]
[EventDate "2006.02.26"]
[EventType "swiss"]
[EventRounds "7"]
[EventCountry "USA"]
[SourceTitle "EXT 2008"]
[Source "ChessBase"]
[SourceDate "2007.11.25"]
[SourceVersion "1"]
[SourceVersionDate "2007.11.25"]
[SourceQuality "1"]

1. d4 Nf6 2. Nf3 g6 3. Bf4 Bg7 4. h3 d6 5. e3 0-0 6. Nbd2 Nc6 7. c3 Nh5 8. Bh2 e5 9. d5 Ne7 10. e4 Qe8 11. Bd3 f5 12. g4 fxg4 13. hxg4 Bxg4 14. Rg1 Nf6 15. Qc2 Bh6 16. Nh4 Qf7 17. f3 Bh5 18. 0-0-0 Kh8 19. Kb1 g5 20. Nf5 Nxf5 21. exf5 Nxd5 22. Bc4 c6 23. Rde1 Qxf5 24. Bd3 Qd7 25. c4 Nb4 26. Qc3 Nxd3 27. Qxd3 Qf5 28. Qxf5 Rxf5 29. Rg3 Bg6 30. Ka1 Bg7 31. Ne4 Raf8 32. Nxg5 Bh6 33. Ne6 R8f6 34. Nd8 Rxf3 35. Rgg1 Bf4 36. Bxf4 R6xf4 37. Nxb7 Rf6 38. Na5 Be8 39. a3 h5 40. Nb7 h4 41. Rh1 Rh6 42. Ka2 h3 43. Rd1 d5 44. cxd5 cxd5 45. Rxd5 Bf7 0-1